LEADER 01232nam a2200301 a 4500 001 000000125042 003 CaOOAMICUS 005 20110413123549.0 008 110413s2011 it 001 u ita r 020 $a978-88-10-40980-0 040 $aPUL$bita 082 04$a284 100 1 $aGenre, Ermanno.$0(OLS)http://pul/name/8148 245 10$aRiti e storie di vita :$bliturgia protestante nella societą secolare /$cErmanno Genre. 260 $aBologna :$bEDB,$c©2011. 300 $a173 p. ;$c22 cm 490 1 $aTeologia viva ;$v67 504 $aBibliografia in nota. 650 4$aCattolicesimo e Protestantesimo.$0(OLS)http://pul/subject/5814 830 0$aTeologia viva (Edizioni Dehoniane) ;$v67.$0(OLS)http://pul/title/61019 850 $aPUL 852 $aPUL$W1$xSL Religione 3$y85$m284 GENER 1$j143936$qDDC 21$B142990$CPULBib$Z2$F142990 $H116690 $82 941 1 $a9 996 $6020$a978-88-10-40980-0$9(OLS)http://pul/number/146916 996 $6082$a284$9(OLS)http://pul/classification/432 996 $6245$aRiti e storie di vita :$bliturgia protestante nella societą secolare$9(OLS)http://pul/title/157629 996 $6260$aBologna :$bEDB$9(OLS)http://pul/publisher/56073 LEADER 02975nam a2200541 a 4500 001 000000127954 003 CaOOAMICUS 005 20160215132027.0 008 120313m20112015vc d u000 u ita r 020 $a978-88-209-8643-8 (v. 1) 020 $a978-88-209-9249-1 (v. 2) 020 $a978-88-209-9603-1 (v. 3)* 032 $aLibriCat 040 $aPUL$bita 041 0 $aita$alat 082 04$a272.2 100 1 $aFirpo, Massimo,$d1946-$0(OLS)http://pul/name/447 245 13$aIl processo inquisitoriale del Cardinal Giovanni Morone /$cMassimo Firpo, Dario Marcatto. 250 $aNuova ed. critica. 260 $aRoma :$bLibreria editrice vaticana,$c2011-2015. 300 $a3 v. :$bgrafici ;$c25 cm. 490 1 $aFontes Archivi Sancti Officii Romani$aSeries Documentorum Archivi Congregationis pro Doctrina Fidei ;$v06-08 505 1 $aV. 1. Processo d'accusa / con la collaborazione di Luca Addante e Guido Mongini. -- v. 2. La difesa / con la collaborazione di Luca Addante e Guido Mongini. -- v. 3. La sentenza. Appendici / con la collaborazione di Luca Addante, Guido Mongini e Lorenzo Sinisi. 600 14$aMorone, Giovanni,$ccard.,$d1509-1580.$0(OLS)http://pul/subject/8349 610 24$aInquisizione$zItalia$ySec XVI.$0(OLS)http://pul/subject/38540 700 1 $aMarcatto, Dario.$0(OLS)http://pul/name/81714 700 1 $aAddante, Luca.$0(OLS)http://pul/name/77065 700 1 $aMongini, Guido.$0(OLS)http://pul/name/62795 700 1 $aSinisi, Lorenzo.$0(OLS)http://pul/name/72367 740 02$aProcesso d'accusa. 740 32$aLa difesa. 740 32$aLa sentenza. Appendici. 830 0$aFontes Archivi Sancti Officii Romani.$pSeries Documentorum Archivi Congregationis pro Doctrina Fidei ;$v06-08.$0(OLS)http://pul/title/161700 850 $aPUL 852 $aPUL$W1$xSL Religione 3$y85$m272. 2 FIRMA 1$j148110$av. 1$qDDC 21$B146702$CPULBib$Z2$F146702 $H118753 $82 852 $aPUL$W1$xSL Religione 3$y85$m272. 2 FIRMA 2$j158663$av. 2$qDDC 21$B158189$CPULBib$Z2$F158189 $H123711 $82 852 $aPUL$W1$xSL Religione 3$y85$m272. 2 FIRMA 3$j172031$bv. 3$qDDC 21$B173649$CPULBib$Z2$F173649 $H127134 $81 941 1 $a9 996 $6020$a978-88-209-8643-8 (v. 1)$9(OLS)http://pul/number/149143 996 $6020$a978-88-209-9249-1 (v. 2)$9(OLS)http://pul/number/154706 996 $6020$a978-88-209-9603-1 (v. 3)*$9(OLS)http://pul/number/159679 996 $6082$a272.2$9(OLS)http://pul/classification/533 996 $6740$aProcesso d'accusa$9(OLS)http://pul/title/161701 996 $6245$aIl processo inquisitoriale del Cardinal Giovanni Morone$9(OLS)http://pul/title/161698 996 $6740$aLa difesa$9(OLS)http://pul/title/174262 996 $6740$aLa sentenza. Appendici$9(OLS)http://pul/title/188349 996 $6260$aRoma :$bLibreria editrice vaticana$9(OLS)http://pul/publisher/67888 LEADER 01848nam a2200397 a 4500 001 000000129390 003 CaOOAMICUS 005 20120621124953.0 008 120621s2012 it u000 u ita r 020 $a978-88-16-30517-5 040 $aPUL$bita 041 1 $aita$hfre 082 04$a230.2 100 1 $aTeilhard de Chardin, Pierre,$cS.I.,$d1881-1955.$0(OLS)http://pul/name/8170 240 10$aCommunion avec Dieu.$lItaliano.$0(OLS)http://pul/title/163509 245 12$aL'uomo, l'universo e Cristo /$cPierre Teilhard de Chardin ; prefazione di Luciano Mazzoni Benoni ; edizione italiana a cura di Annamaria Tassone Bernardi. 260 $aMilano :$bJaca Book,$c©2012. 300 $a93 p. ;$c23 cm 490 1 $aGią e non ancora ;$v517 490 1 $aOpere di Pierre Teilhard de Chardin 504 $aInclude riferimenti bibliografici ed indice. 650 4$aAntropologia teologica.$0(OLS)http://pul/subject/34471 700 1 $aTassone Bernardi, Annamaria.$0(OLS)http://pul/name/26694 700 1 $aMazzoni Benoni, Luciano.$0(OLS)http://pul/name/82828 800 1 $aTeilhard de Chardin, Pierre,$cS.I.,$d1881-1955.$tOpera omnia.$0(OLS)http://pul/nameTitle/1426$0(OLS)http://pul/name/8170$0(OLS)http://pul/title/2415 830 0$aGią e non ancora ;$v517.$0(OLS)http://pul/title/129 850 $aPUL 852 $aPUL$W1$xSL Religione 3$y85$m230. 2 TEIPI 1$j149868$qDDC 21$B148395$CPULBib$Z2$F148395 $H120143 $82 941 1 $a9 960 $aUomo (teologia)$934471 960 $aUomo (teologia)$934471 996 $6020$a978-88-16-30517-5$9(OLS)http://pul/number/150079 996 $6082$a230.2$9(OLS)http://pul/classification/486 996 $6245$aL'uomo, l'universo e Cristo$9(OLS)http://pul/title/163508 996 $6260$aMilano :$bJaca Book$9(OLS)http://pul/publisher/47900